Дело о разрешении ввести в качестве руководства в гимназиях книгу "Космография, или учение в составе вселенной", изданную адъюнк...

Доступно только в Электронных читальных залах Найти на картеНа карте
RUSMARC
00004316nmc2a2200000 x 450
001e36944d7-8b2b-4e48-b6b5-2e553dea8065
00520151231093905.0
100##$a20150406l18441845k l0rusy0189 ca
1010#$arus
102##$aRU
2001#$aДело о разрешении ввести в качестве руководства в гимназиях книгу "Космография, или учение в составе вселенной", изданную адъюнктом Ришельевского лицея В.В. Петровским
$j8 ноября 1844 г. - 11 января 1845 г.
251##$cДело
300##$aДело
300##$aОриг. заголовок дела: Дело по представлению управляющего округом, о введении изданную адъюнктом Ришельевского лицея В.В. Петровским книги "Космография или учение в составе вселенной" в руководство по гимназиям по Одесского учебного округа. 8 ноября 1844 г. - 11 января 1845 г
801#0$aRU
$bРГИА
$c20150406
$gRCR
801#1$aRU
$bГлавНИВЦ
$c20150406
$2rusmarc
801#2$aRU
$bПБ им. Б.Н. Ельцина
$c20151231
$gRCR
$2rusmarc
850##$aРГИА
852##$aРГИА
$eФедеральное казенное учреждение "Российский государственный исторический архив" (РГИА)
$j454
937##$hРГИА
$d11184909
$aASBIBLIO_SCAN
462#0$100165017f8a-b75a-4d3a-8a61-4c89707b4ecc
$12001
$aДела Департамента народного просвещения по Одесскому учебному округу
$1251
$cОпись
$1852
$j78
461#0$1001a74412a3-3cc5-4d21-8f0a-dfe2fbd9e72d
$12001
$aДепартамент народного просвещения Министерства народного просвещения
$1251
$cФонд
$1852
$j733
215##$a6 л.
$d36,5х26 см
371##$aДокумент не является опубликованным и широко распространяемым
105##$aу###
1222#$ad
5171#$aДело по представлению управляющего округом, о введении изданную адъюнктом Ришельевского лицея В.В. Петровским книги "Космография или учение в составе вселенной" в руководство по гимназиям по Одесского учебного округа. 8 ноября 1844 г. - 11 января 1845 г
035##$ae36944d7-8b2b-4e48-b6b5-2e553dea8065
Формат отображения